| 000 | 00000nas##2200000za#4500 |
| 001 | 9.507806 |
| 003 | CaOODSP |
| 005 | 20240527135424 |
| 007 | cr ||||||||||| |
| 008 | 150406c2000||||xxc|| p o||||f| |0eng|d |
| 040 | |aCaOODSP|beng |
| 043 | |an-cn--- |
| 086 | 1 |aCW70-19E-PDF |
| 110 | 2 |aCanadian Wildlife Service. |
| 245 | 10|aAnnual report, ... Black Duck Joint Venture helicopter survey in Québec |h[electronic resource] |
| 260 | |aSainte-Foy - Quebec : |bEnvironment Canada. |
| 310 | |aAnnual |
| 362 | 1 |a2000--2003 |
| 690 | 07|aAnimal populations|2gcpds |
| 690 | 07|aAquatic birds|2gcpds |
| 690 | 07|aSurveys|2gcpds |
| 775 | 08|tRapport annuel ... inventaire en hélicoptère du Plan conjoint sur le Canard noir au Québec |w(CaOODSP)9.504186 |